[Event "Avoine op 32nd"]
[Site "Avoine"]
[Date "2017.07.22"]
[Round "3"]
[White "Hernandez Moya, Yuleisis"]
[Black "Testa, Stephane"]
[Result "1-0"]
[WhiteElo "2256"]
[BlackElo "1976"]
[PlyCount "83"]
[EventDate "2017.07.22"]
[EventType "swiss"]
[EventRounds "9"]
[EventCountry "FRA"]
[SourceTitle "CBM 179 Extra"]
[Source "ChessBase"]
[SourceDate "2017.08.23"]
[SourceVersion "1"]
[SourceVersionDate "2017.08.23"]
[SourceQuality "1"]

1. e4 e6 2. d4 d5 3. Nd2 Nf6 4. e5 Nfd7 5. f4 c5 6. Ngf3 cxd4 7. Nb3 Nc6 8. Nbxd4 Nxd4 9. Nxd4 a6 10. c3 Nc5 11. Be3 Bd7 12. Qf3 g6 13. Be2 Bg7 14. Nf5 Bf8 15. Ng7+ Bxg7 16. Bxc5 Rc8 17. Qf2 Bf8 18. Bxf8 Kxf8 19. 0-0 Qc7 20. Kh1 h5 21. Rad1 Qc5 22. Rd4 a5 23. Rfd1 Bc6 24. c4 h4 25. Bf3 Rd8 26. cxd5 Bxd5 27. Qd2 Kg7 28. Bxd5 Rxd5 29. Rxd5 Qxd5 30. Qxd5 exd5 31. Rxd5 Rc8 32. h3 Rc4 33. Rxa5 Rxf4 34. Rb5 Re4 35. b4 g5 36. a4 Kg6 37. a5 Kf5 38. Rxb7 g4 39. hxg4+ Kxg4 40. Kh2 Rxe5 41. a6 Re2 42. Rxf7 1-0

[Event "FRA-ch op"]
[Site "Nimes"]
[Date "2014.08.25"]
[Round "7"]
[White "Bol, Frederic"]
[Black "Testa, Stephane"]
[Result "0-1"]
[WhiteElo "1832"]
[BlackElo "1938"]
[PlyCount "51"]
[EventDate "2014.08.17"]
[EventType "swiss"]
[EventRounds "11"]
[EventCountry "FRA"]
[SourceTitle "EXT 2015"]
[Source "ChessBase"]
[SourceDate "2014.11.20"]
[SourceVersion "1"]
[SourceVersionDate "2014.11.20"]
[SourceQuality "1"]

1. e4 e6 2. d4 d5 3. e5 c5 4. c3 Qb6 5. Nf3 Bd7 6. Bd3 cxd4 7. cxd4 Bb5 8. 0-0 Bxd3 9. Qxd3 Nc6 10. a3 Nge7 11. b4 Nf5 12. Rd1 Be7 13. Nc3 0-0 14. g4 Nh4 15. Nxh4 Bxh4 16. g5 Qd8 17. f4 Ne7 18. Kh1 Nf5 19. Be3 f6 20. gxf6 gxf6 21. Ra2 Rc8 22. Ne2 Qe8 23. Rg1+ Kh8 24. Rg2 Qh5 25. exf6 Qf3 26. Qd1 0-1

[Event "FRA-ch op-B"]
[Site "Nancy"]
[Date "2013.08.23"]
[Round "11"]
[White "Trouve, Guillaume"]
[Black "Testa, Stephane"]
[Result "0-1"]
[WhiteElo "1908"]
[BlackElo "1939"]
[PlyCount "64"]
[EventDate "2013.08.11"]
[EventType "swiss"]
[EventRounds "11"]
[EventCountry "FRA"]
[SourceTitle "CBM 156 Extra"]
[Source "ChessBase"]
[SourceDate "2013.10.22"]
[SourceVersion "1"]
[SourceVersionDate "2013.10.22"]
[SourceQuality "1"]

1. e4 e6 2. d4 d5 3. Nc3 Bb4 4. e5 c5 5. a3 Bxc3+ 6. bxc3 Qc7 7. Qg4 f5 8. Qg3 Ne7 9. Bd2 0-0 10. h4 f4 11. Qh3 cxd4 12. cxd4 Qxc2 13. Qd3 Qxd3 14. Bxd3 Nbc6 15. Ne2 f3 16. gxf3 Rxf3 17. Be3 Bd7 18. Ng3 Nxd4 19. Bxh7+ Kxh7 20. Bxd4 Nc6 21. Bb2 Raf8 22. 0-0 Na5 23. Kg2 Bb5 24. Bd4 Bxf1+ 25. Nxf1 Nb3 26. Rd1 Nxd4 27. Rxd4 Rxf2+ 28. Kg3 Rxf1 29. Rb4 b6 30. Ra4 R8f7 31. Kg4 Rg1+ 32. Kh3 g5 0-1

[Event "FRA-ch op-B"]
[Site "Nancy"]
[Date "2013.08.21"]
[Round "9"]
[White "Testa, Stephane"]
[Black "Moullier, Igor"]
[Result "1/2-1/2"]
[WhiteElo "1939"]
[BlackElo "1936"]
[PlyCount "94"]
[EventDate "2013.08.11"]
[EventType "swiss"]
[EventRounds "11"]
[EventCountry "FRA"]
[SourceTitle "CBM 156 Extra"]
[Source "ChessBase"]
[SourceDate "2013.10.22"]
[SourceVersion "1"]
[SourceVersionDate "2013.10.22"]
[SourceQuality "1"]

1. e4 e6 2. b3 b6 3. Bb2 Bb7 4. d3 d5 5. Nd2 Nf6 6. e5 Nfd7 7. f4 c5 8. Ngf3 Nc6 9. g3 Qc7 10. Bg2 Be7 11. 0-0 0-0-0 12. d4 Kb8 13. Kh1 h6 14. c3 g5 15. Ne1 f6 16. Nd3 f5 17. h3 h5 18. fxg5 Bxg5 19. Nf4 Bxf4 20. gxf4 Rdg8 21. Nf3 Nf8 22. Ng5 cxd4 23. cxd4 Qd7 24. Ba3 Nh7 25. h4 Nxg5 26. fxg5 Rc8 27. Rc1 Ne7 28. Bd6+ Ka8 29. Bxe7 Qxe7 30. Rxc8+ Bxc8 31. Bf3 Bd7 32. Rf2 Be8 33. Rc2 Bg6 34. Qc1 Kb7 35. Be2 f4 36. Rc3 Rf8 37. Qf1 a5 38. Qc1 Be4+ 39. Bf3 Qh7 40. Qf1 Bxf3+ 41. Qxf3 Qb1+ 42. Kh2 Qxa2+ 43. Kh3 Qb1 44. Kg2 Qb2+ 45. Kg1 Qb1+ 46. Kg2 Qb2+ 47. Kg1 Qb1+ 1/2-1/2

[Event "FRA-ch op-B"]
[Site "Nancy"]
[Date "2013.08.20"]
[Round "8"]
[White "Leriche, Ines"]
[Black "Testa, Stephane"]
[Result "0-1"]
[WhiteElo "1767"]
[BlackElo "1939"]
[PlyCount "116"]
[EventDate "2013.08.11"]
[EventType "swiss"]
[EventRounds "11"]
[EventCountry "FRA"]
[SourceTitle "CBM 156 Extra"]
[Source "ChessBase"]
[SourceDate "2013.10.22"]
[SourceVersion "1"]
[SourceVersionDate "2013.10.22"]
[SourceQuality "1"]

1. d4 Nf6 2. c4 e6 3. Nc3 Bb4 4. e3 0-0 5. Nge2 d5 6. a3 Be7 7. Ng3 b6 8. cxd5 Nxd5 9. e4 Nxc3 10. bxc3 Bb7 11. Be2 c5 12. Be3 Nd7 13. 0-0 Nf6 14. Qb1 Qc7 15. Rd1 Rac8 16. Bd3 h6 17. a4 Ng4 18. Bc1 Bh4 19. e5 cxd4 20. cxd4 f6 21. Ba3 fxe5 22. Bxf8 Rxf8 23. Bh7+ Kh8 24. Ra2 Bxg3 25. hxg3 Qc6 26. f3 Nf6 27. Bg6 exd4 28. Qb4 Rd8 29. Rxd4 Nd5 30. Qc4 Qd6 31. Qc2 Qxg3 32. Rg4 Qe1+ 33. Kh2 Ne3 34. Qc7 Nxg4+ 35. Kh3 Rf8 36. Qxb7 Ne5 37. Be4 Qh1+ 38. Kg3 Qh5 39. Qxa7 Qg5+ 40. Kh2 Qh4+ 41. Kg1 Qe1+ 42. Kh2 Ng4+ 43. fxg4 Qxe4 44. Qxb6 Qxg4 45. Qe3 Rf1 46. Ra3 Qh4+ 47. Qh3 Qf4+ 48. Qg3 Qc1 49. Qe3 Rh1+ 50. Kg3 Qc7+ 51. Kf2 Qc2+ 52. Kg3 Qg6+ 53. Kf2 Rb1 54. Qf3 Qc2+ 55. Kg3 Qc7+ 56. Kf2 Qe5 57. Qf8+ Kh7 58. Qf3 Qe1# 0-1

[Event "Avoine op 27th"]
[Site "Avoine"]
[Date "2012.07.26"]
[Round "6"]
[White "Testa, Stephane"]
[Black "Deslias, Gregoire"]
[Result "0-1"]
[WhiteElo "1864"]
[BlackElo "2075"]
[PlyCount "94"]
[EventDate "2012.07.21"]
[EventType "swiss"]
[EventRounds "9"]
[EventCountry "FRA"]
[SourceTitle "CBM 149 Extra"]
[Source "ChessBase"]
[SourceDate "2012.08.24"]
[SourceVersion "1"]
[SourceVersionDate "2012.08.24"]
[SourceQuality "1"]

1. e4 e5 2. d4 exd4 3. Qxd4 Nc6 4. Qe3 Nf6 5. Nc3 Bb4 6. Bd2 0-0 7. 0-0-0 Re8 8. Bc4 d6 9. f3 Ne5 10. Bb3 a5 11. a3 Bc5 12. Qe1 c6 13. Na4 Ned7 14. Bf4 b5 15. Nxc5 dxc5 16. Rd6 c4 17. Ba2 Nh5 18. Be3 Qc7 19. Qd2 Ne5 20. g4 Nf6 21. Bf4 Nfd7 22. g5 b4 23. a4 Ba6 24. Bxe5 Nxe5 25. f4 Nd3+ 26. Rxd3 cxd3 27. Nf3 Rxe4 28. Ne5 Re2 29. Qd1 Rxc2+ 30. Kb1 Qd6 31. Bb3 Re2 32. g6 hxg6 33. Bxf7+ Kf8 34. Qb3 Rxe5 35. fxe5 Qxe5 36. Bxg6 Qd5 37. Rf1+ Ke7 38. Rf7+ Kd6 39. Qxd5+ Kxd5 40. Rxg7 Ke6 41. Be4 Rf8 42. Rg1 c5 43. Rd1 c4 44. b3 Ke5 45. Bg6 Rf6 46. Bh7 Rh6 47. Re1+ Kd4 0-1

[Event "Agneaux St Lo op-B 14th"]
[Site "Agneaux"]
[Date "2012.07.10"]
[Round "4.2"]
[White "Testa, Stephane"]
[Black "Hutois, Mickael"]
[Result "1-0"]
[WhiteElo "1864"]
[BlackElo "2153"]
[PlyCount "107"]
[EventDate "2012.07.08"]
[EventType "swiss"]
[EventRounds "8"]
[EventCountry "FRA"]
[SourceTitle "EXT 2014"]
[Source "ChessBase"]
[SourceDate "2013.11.20"]
[SourceVersion "1"]
[SourceVersionDate "2013.11.20"]
[SourceQuality "1"]

1. e4 e5 2. d4 exd4 3. Qxd4 Nc6 4. Qe3 g6 5. Nc3 Bg7 6. Bd2 Nf6 7. 0-0-0 0-0 8. Qg3 d6 9. Bg5 h6 10. Bd2 Be6 11. f4 Kh7 12. Nf3 Nh5 13. Qf2 Qf6 14. g3 b5 15. Bxb5 Nb4 16. e5 dxe5 17. a3 e4 18. Ne5 Na2+ 19. Nxa2 Bxa2 20. b3 a5 21. Kb2 Rfb8 22. Ba4 Qf5 23. Qc5 Nf6 24. Kxa2 e3 25. Bxe3 Ne4 26. Qc4 Nd6 27. Qd3 Qe6 28. Bc6 a4 29. Bxa8 axb3+ 30. cxb3 Rxa8 31. Qd5 Qc8 32. Qc6 Ra6 33. Qc5 Qa8 34. Rhg1 f6 35. Nc4 Ne4 36. Qb4 f5 37. Ne5 Bf8 38. Rd7+ Kh8 39. Nxg6+ Rxg6 40. Bd4+ Nf6 41. Qa4 Qf3 42. Rd8 Qe2+ 43. Ka1 Qe7 44. Ra8 Kh7 45. Qb4 Qxb4 46. axb4 Bxb4 47. Be5 c5 48. Rd1 h5 49. Rd6 h4 50. Bxf6 Rxf6 51. Rxf6 Bc3+ 52. Kb1 Bxf6 53. Rf8 Kg7 54. Rxf6 1-0

[Event "Agneaux St Lo op-B 14th"]
[Site "Agneaux"]
[Date "2012.07.07"]
[Round "1.1"]
[White "Testa, Stephane"]
[Black "Mostertman, Milan"]
[Result "1-0"]
[WhiteElo "1864"]
[BlackElo "2248"]
[PlyCount "77"]
[EventDate "2012.07.08"]
[EventType "swiss"]
[EventRounds "8"]
[EventCountry "FRA"]
[SourceTitle "EXT 2014"]
[Source "ChessBase"]
[SourceDate "2013.11.20"]
[SourceVersion "1"]
[SourceVersionDate "2013.11.20"]
[SourceQuality "1"]

1. e4 c5 2. Nc3 Nc6 3. g3 g6 4. Bg2 Bg7 5. d3 e6 6. f4 Nge7 7. Nf3 d6 8. 0-0 0-0 9. Be3 Nd4 10. Bf2 Nec6 11. Rb1 Qa5 12. Be1 b5 13. e5 Rb8 14. Ne4 Qxa2 15. Nxd4 Nxd4 16. Nxd6 Nf5 17. Nxf5 exf5 18. Qc1 f6 19. Ra1 Qf7 20. Qe3 fxe5 21. Qxc5 Bb7 22. Bxb7 Qxb7 23. Rxa7 Rbc8 24. Rxb7 Rxc5 25. Bb4 Rxc2 26. Bxf8 Kxf8 27. Rxb5 exf4 28. Rxf4 Bxb2 29. Rc4 Re2 30. Rb7 Bf6 31. Rc8+ Re8 32. Rxe8+ Kxe8 33. Rxh7 Be7 34. Rxe7+ Kxe7 35. Kf2 Ke6 36. Ke3 Ke5 37. h4 Ke6 38. Kf4 Kf6 39. d4 1-0